Rivers of Russia - Statistics

General Stats
  • This quiz has been taken 694 times
    609 since last reset
  • The average score is 11 of 35
Answers on the Map
Answers color-coded by a green-red scale on the quiz's map according to % correct below.
 
Answer Stats
River % Correct
Volga
95%
Ob
86%
Lena
84%
Don
78%
Amur
74%
Yenesei
74%
Ural
61%
Dnieper
56%
Neva
45%
Irtysh
42%
Kama
37%
Kolyma
32%
Pechora
32%
Oka
30%
Oka
30%
Angara
29%
Northern Dvina
27%
Anadyr
25%
Daugava
25%
Kamchatka
21%
Indigirka
18%
Aldan
17%
Tobol
14%
Tom
14%
Vilyuy
13%
Khatanga
10%
Svir
10%
Selenga
9%
Kem
8%
Northern Tunguska
8%
Olenyok
8%
Vychegda
8%
Sukhona
6%
Taz
5%
Vuoksi
5%
No matching quizzes found
Score Distribution
Percent of People with Each Score
Percentile by Number Answered
Your Score History
You have not taken this quiz since the last reset